00441nam a2200169Ia 4500008004100000020001800041041000800059082001500067100002300082245002000105250001200125260002000137365001600157700002300173906005600196999001900252230714s9999 xx 000 0 und d a9790000000000 aeng a629.8bJAG aJagan N.C.9155084 aControl Systems a2nd ed. bBS Publications cRs.b225.00 aJagan N.C.9155084 dO:0452420-Jul-2015B:IN 52408-Jul-2015cINSTb281.25 c215356d215356